000 00251nam a22001097a 4500
040 _cSK
082 _a579
100 _aLORD REASMEY
245 _aMicrobiologie generale appliquee en agronomie et en foresterie
260 _aNA
_bLOR
_c1999
942 _cEK
999 _c10330
_d10330